| 000 | 01493nac a22002531u 4500 | ||
|---|---|---|---|
| 010 | _a2005010265 | ||
| 020 | _a1597260401 (pbk. : alk. paper) | ||
| 020 | _a1597260398 (cloth : alk. paper) | ||
| 035 | _a(OCoLC)ocm59279709 | ||
| 082 | 0 | 0 | _a304.2 |
| 090 |
_c1427 _d1427 |
||
| 100 | _a20080729 | ||
| 245 | 0 | 0 |
_aEcosystems and human well-being : _bsynthesis / _cMillennium Ecosystem Assessment. |
| 260 |
_aWashington, DC : _bIsland Press, _cc2005. |
||
| 300 |
_ax, 137 p. : _bcol. ill., col. maps ; _c28 cm. |
||
| 505 | 0 | _aHow is desertification related to ecosystem services and human well-being? -- Who is affected by desertification? -- What are the major causes of desertification? -- How will different future development paths affect desertification? -- How can we prevent or reverse desertification? -- What are the linkages among desertification, global climate change and biodiversity loss? -- How can we better understand the significance of desertification? | |
| 650 | 0 | _aHuman ecology. | |
| 650 | 0 | _aEcosystem management. | |
| 710 | 2 | _aMillennium Ecosystem Assessment (Program) | |
| 856 | 4 | 1 |
_3Table of contents only _uhttp://www.loc.gov/catdir/toc/ecip0511/2005010265.html |
| 856 | 4 | 1 |
_3Publisher description _uhttp://www.loc.gov/catdir/enhancements/fy0666/2005010265-d.html |
| 942 |
_cBB _k304.2 |
||
| 999 |
_c1427 _d1427 |
||